000 00626cam a2200193 4500
001 ##D15254
008 090401t1964 xxu||||| |||| 00| 0 eng d
035 _a(Sirsi) u21495
041 0 _aeng
050 0 4 _a333.0062
110 2 _aRoyal Institution of Chartered Surveyors
_94900
245 0 0 _aConstitution and regulations of the Scottish Branch
260 _aLondon
_bRICS
_c1964
300 _a14p.
_c22cm.
520 _aReprinted in 1964, incorporating amendments made in 1961 and 1964.
690 _aABOUT RICS-RICS STRUCTURE AND GOVERNANCE-RICS REGULATIONS-RICS CONDUCT REGULATIONS
942 _n0
948 _c04/03/1997
999 _c87991
_d87991